Islam and modernism/ (Record no. 20195)

MARC details
000 -LEADER
fixed length control field 00724cam a2200265 4500
001 - CONTROL NUMBER
control field 3120959
003 - CONTROL NUMBER IDENTIFIER
control field BDDh-ASL
005 - DATE AND TIME OF LATEST TRANSACTION
control field 20231015025845.0
008 - FIXED-LENGTH DATA ELEMENTS--GENERAL INFORMATION
fixed length control field 700617s1968 pk c b 000 0 eng
010 ## - LIBRARY OF CONGRESS CONTROL NUMBER
LC control number sa 68015846
025 ## - OVERSEAS ACQUISITION NUMBER
Overseas acquisition number PL480:P-E-1465
040 ## - CATALOGING SOURCE
Original cataloging agency DLC
Transcribing agency DLC
Modifying agency DLC
-- BDDh-ASL
050 00 - LIBRARY OF CONGRESS CALL NUMBER
Classification number BP165
Item number .M315 1968
082 00 - DEWEY DECIMAL CLASSIFICATION NUMBER
Classification number 297.8
Item number JSI
100 0# - MAIN ENTRY--PERSONAL NAME
Personal name Maryam Jameelah,
Dates associated with a name 1934-2012.
245 10 - TITLE STATEMENT
Title Islam and modernism/
250 ## - EDITION STATEMENT
Edition statement 2d ed.
260 ## - PUBLICATION, DISTRIBUTION, ETC.
Place of publication, distribution, etc. Lahore:
Name of publisher, distributor, etc. Mohammad Yusaf Khan,
Date of publication, distribution, etc. 1968.
300 ## - PHYSICAL DESCRIPTION
Extent xiii, 251 p.
Other physical details port.
Dimensions 22 cm.
350 ## - PRICE (NR) (BK AM CF MU VM SE) [OBSOLETE]
Price 9.00
504 ## - BIBLIOGRAPHY, ETC. NOTE
Bibliography, etc. note Bibliography: p. [243]-251.
650 #0 - SUBJECT ADDED ENTRY--TOPICAL TERM
Topical term or geographic name entry element Islam
Chronological subdivision 20th century.
906 ## - LOCAL DATA ELEMENT F, LDF (RLIN)
a 7
b cbc
c orignew
d u
e ncip
f 19
g y-gencatlg
942 ## - ADDED ENTRY ELEMENTS (KOHA)
Source of classification or shelving scheme Dewey Decimal Classification
Koha item type Books
Holdings
Withdrawn status Lost status Source of classification or shelving scheme Damaged status Not for loan Collection code Home library Current library Shelving location Date acquired Source of acquisition Total Checkouts Full call number Barcode Date last seen Copy number Price effective from Koha item type
    Dewey Decimal Classification     Non-fiction Asiatic Society Library Asiatic Society Library General Stacks 12/27/2020 Donated by Prof. Husniara Huq   297.8 JSI 103604 12/27/2020 C-1 12/27/2020 Books

Powered by Koha